| 000 | 00358nam a2200133Ia 4500 | ||
|---|---|---|---|
| 005 | 20260328104255.0 | ||
| 008 | 260328s9999||||xx |||||||||||||| ||und|| | ||
| 100 | _aFernández-Galiano, Luis | ||
| 245 | 4 |
_aThe Architect is Present / _cLuis Fernández-Galiano |
|
| 260 | _bMuseo ICO | ||
| 300 | _a143 p. | ||
| 650 | _aVIVIENDA DE INTERÉS SOCIAL | ||
| 942 | _cBK | ||
| 999 |
_c10410 _d10410 |
||